INGRES for personal computers. Installation guide

Salvato in:
Dettagli Bibliografici
Natura: Libro
Lingua:inglese
Pubblicazione: B.m. : Relational Technology, [1987]
Tags: Aggiungi Tag
Nessun Tag, puoi essere il primo ad aggiungerne!!

MARC

LEADER 00000nam a22000003a 4500
001 stu311
005 20201020161909.8
008 910508s1987----xxu-----------------eng-d
040 |a STU  |b slo 
041 0 |a eng 
044 |a xxu 
080 |a 681.32.06 
080 |a INGRES  |7 stu_us_auth*stu8371 
080 |a 681.32.016 
080 |a 519.683.5 
245 |a INGRES for personal computers. Installation guide 
260 |a B.m. :  |b Relational Technology,  |c [1987] 
300 |a Preruš. str 
996 |c I*4540  |l II680  |s A  |a 24  |w stu311_0001